|
|
|
|
| LEADER |
00000cam a2200000 7i4500 |
| 001 |
0000021061 |
| 005 |
20080118.0 |
| 008 |
071205 |
| 020 |
|
|
|a 9832620570
|
| 040 |
|
|
|a INS
|
| 090 |
0 |
0 |
|a DS36.85
|b I56 2005
|
| 245 |
0 |
0 |
|a Inovasi pengajaran dan pembelajaran titas
|c penyunting Mohd. Syariefudin Abdullah, Misnan Jemali, Samri Sainuddin
|
| 260 |
|
|
|a Tanjong Malim :
|b Universiti pendidikan Sultan Idris ,
|c 2005
|
| 300 |
|
|
|a 248ms. :
|b ill. ;
|c 23cm.
|
| 500 |
|
|
|a Kertas kerja di bentangkan Di Bengkel Kebangsaan Pengajaran TITAS yang ke 3 pada 2004 di Kuantan Pahang
|
| 650 |
0 |
0 |
|a Civilization, Islamic
|x Study and teaching (Higher)
|x Congresses
|
| 651 |
|
0 |
|a Asia
|x Civilization, Islamic
|x Study and teaching (Higher)
|x Congresses
|
| 700 |
0 |
|
|a Misnan Jemali
|
| 700 |
0 |
|
|a Mohd. Syariefudin Abdullah
|
| 700 |
0 |
|
|a Samri Sainuddin
|
| 999 |
|
|
|a 0000019574
|b BOOK
|c Open Shelf
|e Default branch
|